Представление документа в формате RUSMARC

ПолеНазваниеЗначение
  Тип записи a
  Библиографический уровень m
001 Контрольный номер RU/REG73/CBS_GRAD/f05aa7c3c7924d759f109f934b6602ff
005 Дата корректировки 20260320103109.8
010 Индекс ISBN __
a ISBN 978-5-04-092369-4
9 Тираж 10000 экз.
100 Данные общей обработки __
a Данные общей обработки 20260320d2018 u y0rusy0189## ca
101 Язык документа 0_
a Язык текста rus
102 Страна публикации __
a Страна публикации RU
105 Кодированные данные (монография) __
a Кодированные данные (монография) y z 000yy
200 Заглавие и сведения об ответственности 1_
a Заглавие Мифы о здоровье
f Первые сведения об ответственности Сергей Бубновский, Игорь Прокопенко
g Последующие сведения об ответственности ответ. редактор Э. Саляхова
e Сведения, относящиеся к заглавию откуда берутся болезни
203 Вид содержания и тип средства __
a Вид содержания Текст
b Характеристика содержания визуальный
c Тип средства непосредственный
210 Выходные данные 1_
a Место издания Москва
c Издательство Издательство "Э"
d Дата издания 2018
215 Физическое описание __
a Объем 288 с.
d Формат 20 см
225 Серия 1_
a Серия Двойное расследование
333 Примечание о целевом назначении __
a Примечание о целевом назначении 16+
606 Тематические рубрики 0_
a Основная рубрика Здоровый образ жизни
610 Ключевые слова 0_
a Ключевые слова здоровье и медицина ; здоровье ; популярно о медицине
686 Индексы других классификаций __
a Классификационный индекс 51.204.0
2 Код системы rubbk
700 Автор _1
a Фамилия Бубновский
b Имя (инициалы) С.М.
g Полное личное имя Сергей Михайлович
701 Альтернативная интеллектуальная ответственность _1
a Фамилия Прокопенко
b Имя (инициалы) И. С.
g Полное личное имя Игорь Станиславович
4 Код отношения 070
702 Вторичная интеллектуальная ответственность _1
a Фамилия Саляхова
b Имя (инициалы) Э.
4 Код отношения 340
801 Источник записи _0
a Страна RU
b Организация RuCBSGrad
c Дата составления 20260320
g Правила каталогизации RCR
801 Источник записи _1
a Страна RU
b Организация RuCBSGrad
c Дата составления 20260320
g Правила каталогизации RCR
852 Данные о местонахождении __
a Наименование организации МБУК "ЦБС г.Димитровграда"
i Авторский знак Б 90
z Тип записи N
901 Тип документа __
t Тип документа m
909 Создатель записи __
a Создатель записи Щукина
b Дата создания записи 20260320